[Event "SVK-chT2C 1920"]
[Site "Slovakia"]
[Date "2020.03.07"]
[Round "10.7"]
[White "Soltys, Peter"]
[Black "Matusak, Tomas"]
[Result "1-0"]
[WhiteElo "1842"]
[BlackElo "1788"]
[PlyCount "55"]
[EventDate "2019.10.26"]
[EventType "team-tourn"]
[EventRounds "11"]
[EventCountry "SVK"]
[SourceTitle "CBM 195 Extra"]
[Source "ChessBase"]
[SourceDate "2020.05.31"]
[SourceVersion "1"]
[SourceVersionDate "2020.05.31"]
[SourceQuality "1"]
[WhiteTeam "Zilina Mladost III"]
[BlackTeam "Ruzomberok Montana"]
[WhiteTeamCountry "SVK"]
[BlackTeamCountry "SVK"]

1. f4 d5 2. Nf3 c5 3. b3 Nf6 4. g3 g6 5. Bg2 Bg7 6. Bb2 0-0 7. 0-0 Nc6 8. d3 d4 9. e4 Ng4 10. Bc1 Ne3 11. Bxe3 dxe3 12. c3 Nb4 13. Ne1 Qb6 14. e5 c4 15. d4 Nc6 16. bxc4 Qb2 17. Qb3 Qxb3 18. axb3 Bf5 19. Rf3 Be4 20. Rxe3 Bxg2 21. Kxg2 b6 22. Nd2 Rfd8 23. Nd3 e6 24. c5 b5 25. Ra6 Ne7 26. Nb4 Nf5 27. Rd3 Rd7 28. Ne4 1-0

[Event "SVK-chT2C 1920"]
[Site "Slovakia"]
[Date "2020.02.16"]
[Round "9.7"]
[White "Janovsky, Norbert"]
[Black "Matusak, Tomas"]
[Result "1/2-1/2"]
[WhiteElo "1000"]
[BlackElo "1788"]
[PlyCount "123"]
[EventDate "2019.10.26"]
[EventType "team-tourn"]
[EventRounds "11"]
[EventCountry "SVK"]
[SourceTitle "CBM 195 Extra"]
[Source "ChessBase"]
[SourceDate "2020.05.31"]
[SourceVersion "1"]
[SourceVersionDate "2020.05.31"]
[SourceQuality "1"]
[WhiteTeam "Vinica"]
[BlackTeam "Ruzomberok Montana"]
[WhiteTeamCountry "SVK"]
[BlackTeamCountry "SVK"]

1. e4 e5 2. Nf3 Nc6 3. c4 Nf6 4. Nc3 Bb4 5. d3 0-0 6. g3 Re8 7. Bg2 Nd4 8. a3 Bc5 9. b4 Nxf3+ 10. Bxf3 Bd4 11. Bb2 d6 12. 0-0 Bh3 13. Bg2 Qd7 14. Qd2 Qg4 15. Nd5 Nxd5 16. cxd5 Bb6 17. Kh1 Bxg2+ 18. Kxg2 f5 19. f3 Qg6 20. Rac1 f4 21. Qe1 a5 22. b5 Re7 23. a4 h5 24. Qe2 Qh6 25. g4 g5 26. h3 Rh7 27. Rh1 Kg7 28. Rh2 Rah8 29. Rch1 hxg4 30. fxg4 f3+ 31. Qxf3 Rf8 32. Qe2 Rf2+ 33. Qxf2 Bxf2 34. Kxf2 Qf6+ 35. Ke2 Kg6 36. Rf2 Qe7 37. Rf3 Rf7 38. Rhf1 Rxf3 39. Rxf3 c6 40. bxc6 bxc6 41. dxc6 Qc7 42. Bc3 Qxc6 43. Bxa5 Qxa4 44. Bd2 Qa1 45. Rf5 Qh1 46. Rxg5+ Kf6 47. Rh5 Qg2+ 48. Kd1 Qf3+ 49. Kc2 Kg7 50. Rh6 d5 51. exd5 Qxd5 52. Rh5 Qc6+ 53. Kd1 e4 54. dxe4 Qxe4 55. Bc1 Qd3+ 56. Bd2 Qf1+ 57. Kc2 Qc4+ 58. Bc3+ Kg6 59. Kd2 Qe4 60. Be5 Qg2+ 61. Ke3 Qg1+ 62. Ke4 1/2-1/2

[Event "SVK-chT2C 1819"]
[Site "Slovakia"]
[Date "2019.04.07"]
[Round "11.8"]
[White "Matusak, Tomas"]
[Black "Bohdal, Jan"]
[Result "1/2-1/2"]
[WhiteElo "1786"]
[BlackElo "1876"]
[PlyCount "22"]
[EventDate "2018.10.13"]
[EventType "team-tourn"]
[EventRounds "11"]
[EventCountry "SVK"]
[SourceTitle "EXT 2020"]
[Source "ChessBase"]
[SourceDate "2019.10.17"]
[SourceVersion "1"]
[SourceVersionDate "2019.10.17"]
[SourceQuality "1"]
[WhiteTeam "Ruzomberok Montana"]
[BlackTeam "Banska Bystrica Veza"]
[WhiteTeamCountry "SVK"]
[BlackTeamCountry "SVK"]

1. e4 d5 2. Nc3 d4 3. Nce2 c5 4. Ng3 Nc6 5. Nf3 a6 6. Bc4 e6 7. a4 Nge7 8. d3 Ng6 9. 0-0 Bd6 10. Nh5 0-0 11. Bg5 Be7 1/2-1/2

[Event "SVK-chT2C 1819"]
[Site "Slovakia"]
[Date "2018.11.18"]
[Round "4.8"]
[White "Korenova, Simona"]
[Black "Matusak, Tomas"]
[Result "1/2-1/2"]
[WhiteElo "1791"]
[BlackElo "1767"]
[PlyCount "46"]
[EventDate "2018.10.13"]
[EventType "team-tourn"]
[EventRounds "11"]
[EventCountry "SVK"]
[SourceTitle "CBM 187 Extra"]
[Source "ChessBase"]
[SourceDate "2018.11.04"]
[SourceVersion "1"]
[SourceVersionDate "2018.11.04"]
[SourceQuality "1"]
[WhiteTeam "Liptov Chess School III"]
[BlackTeam "Ruzomberok Montana"]
[WhiteTeamCountry "SVK"]
[BlackTeamCountry "SVK"]

1. c4 e5 2. Nc3 Nf6 3. g3 d5 4. cxd5 Nxd5 5. Bg2 Nb6 6. Nf3 Nc6 7. 0-0 Be7 8. a3 0-0 9. b4 a6 10. d3 Be6 11. Bb2 f6 12. Ne4 Qd7 13. d4 exd4 14. Nxd4 Nxd4 15. Bxd4 Rfd8 16. Bxb6 cxb6 17. Qxd7 Rxd7 18. Rfd1 Rad8 19. Rxd7 Rxd7 20. Nc3 b5 21. Rd1 Rxd1+ 22. Nxd1 b6 23. Nc3 Bc4 1/2-1/2

[Event "SVK-chT2C 1819"]
[Site "Slovakia"]
[Date "2018.10.14"]
[Round "2.8"]
[White "Ilkovic, Frantisek"]
[Black "Matusak, Tomas"]
[Result "1/2-1/2"]
[WhiteElo "1867"]
[BlackElo "1745"]
[PlyCount "102"]
[EventDate "2018.10.13"]
[EventType "team-tourn"]
[EventRounds "11"]
[EventCountry "SVK"]
[SourceTitle "CBM 187 Extra"]
[Source "ChessBase"]
[SourceDate "2018.11.04"]
[SourceVersion "1"]
[SourceVersionDate "2018.11.04"]
[SourceQuality "1"]
[WhiteTeam "Filakovo"]
[BlackTeam "Ruzomberok Montana"]
[WhiteTeamCountry "SVK"]
[BlackTeamCountry "SVK"]

1. e4 Nc6 2. Nf3 e5 3. Bb5 Nf6 4. 0-0 Nxe4 5. Qe2 Nf6 6. Nxe5 Be7 7. Nxc6 dxc6 8. Ba4 0-0 9. h3 Re8 10. Bb3 Bf5 11. d3 Bd6 12. Qf3 Qd7 13. Nc3 h6 14. Bd2 Re7 15. Rae1 Rae8 16. Rxe7 Rxe7 17. Bf4 Bxf4 18. Qxf4 Nd5 19. Qd4 Nxc3 20. Qxc3 Be6 21. Bxe6 Qxe6 22. a4 b6 23. a5 c5 24. Ra1 Qd5 25. b4 Qd4 26. Qxd4 cxd4 27. axb6 axb6 28. Ra8+ Kh7 29. Kf1 Rd7 30. Ke2 f5 31. g4 Kg6 32. Kf3 fxg4+ 33. Kxg4 Kf6 34. Rf8+ Ke7 35. Rf4 g6 36. h4 Rd5 37. Re4+ Kf6 38. Re8 h5+ 39. Kf4 Rb5 40. Rc8 c5 41. bxc5 bxc5 42. Rc6+ Kf7 43. Ke5 c4+ 44. Kxd4 cxd3 45. cxd3 Rf5 46. Ke3 Re5+ 47. Kd4 Rf5 48. Rc7+ Kf6 49. Rc6+ Kf7 50. Rc7+ Kf6 51. Rc6+ Kf7 1/2-1/2